Molekulové dokovanie a jeho schopnosť reprodukovať experimentálne údaje

Enregistré dans:
Détails bibliographiques
Auteur principal: Zajaček, Dávid (Auteur)
Autres auteurs: Štekláč, Marek (Directeur de thèse)
Format: Manuscrit Livre
Langue:slovaque
Publié: 2023
Sujets:
Accès en ligne:http://is.stuba.sk/zp/portal_zp.pl?podrobnosti=169568
Tags: Ajouter un tag
Pas de tags, Soyez le premier à ajouter un tag!

MARC

LEADER 00000ntm a22000003a 4500
001 stuzp94453
003 SK-STU
005 20230909222145.2
007 ta
008 150427s2015----xo-----f-mn---000-0-slo-d
040 |a STU  |b slo 
041 0 |a slo 
100 1 |a Zajaček, Dávid  |u 045280  |k Z3  |4 aut  |U FCHPT Ústav fyzikálnej chémie a chemickej fyziky  |T FCHPT Oddelenie chemickej fyziky  |X 97545  |U C5280  |Y 118  |7 97545 
242 0 1 |a Molecular docking and its ability to reproduce experimental data  |y eng 
245 1 0 |a Molekulové dokovanie a jeho schopnosť reprodukovať experimentálne údaje 
260 |c 2023 
650 4 |a molekulové dokovanie  |2 slo 
650 4 |a Autodock  |2 slo 
650 4 |a PLANTS  |2 slo 
650 4 |a dokovacia sila  |2 slo 
650 4 |a Mpro  |2 slo 
650 4 |a SARS-CoV-2  |2 slo 
650 4 |a Autodock Vina  |2 slo 
650 4 |a Autodock Vina  |2 eng 
650 4 |a PLANTS  |2 eng 
650 4 |a docking power  |2 eng 
650 4 |a SARS-CoV-2  |2 eng 
650 4 |a molecular docking  |2 eng 
650 4 |a Autodock  |2 eng 
650 4 |a Mpro  |2 eng 
700 1 |a Štekláč, Marek  |u 045280  |k Z1  |4 ths  |U FCHPT Ústav fyzikálnej chémie a chemickej fyziky  |T FCHPT Oddelenie chemickej fyziky  |X 65172  |U C5280  |Y 118  |7 65172 
856 4 |u http://is.stuba.sk/zp/portal_zp.pl?podrobnosti=169568